Quiz sur Kurt Cobain - Statistiques

Statistiques générales
  • Ce quiz a été pris 135 fois
    134 depuis la dernière actualisation
  • Le résultat moyen est 8 sur 11
Statistiques - réponses
Question Réponse % Correct
Pays de naissance États-Unis
98%
Cause officielle de sa mort (en un mot) Suicide
95%
Nom du groupe qu'il forme en 1987 Nirvana
91%
Style de musique du groupe Grunge / Punk Rock / Rock Alternatif
89%
Album duquel elle est tirée Nevermind
85%
Titre de sa chanson la plus mythique Smells Like Teen Spirit
85%
Compagne qui accompagnera Kurt jusqu'à sa mort Courtney Love
79%
Sa vie fut marquée par la consommation d'une quantité non négligeable de drogues dures, notamment celle-ci, qui provoquera chez lui une forte dépendance Héroïne
79%
Maladie (trouble mental) qui influencera fortement Kurt pendant sa vie Dépression
66%
Nom complet Kurt Donald Cobain
45%
Religion qui l'influencera également de par ses concepts Hindouisme
22%
Aucun quiz correspondant
Distribution des résultats
% des personnes avec chaque résultat
Percentile par nombre de réponses
Votre historique - résultats
Vous n’avez pas pris ce quiz depuis la dernière actualisation